Sports Quiz

Random Sports or NHL Quiz

Big 4 Beer Mugs Quiz Stats

 Plays Quiz Updated Nov 8, 2017

Challenge
Share
Tweet
Score 0/30 Timer 05:00
21 Plays Today
% Correct
Minnesota Vikings (NFL)
98.3%
Miami Heat (NBA)
95.3%
Carolina Panthers (NFL)
93.5%
Philadelphia Eagles (NFL)
92.9%
Jacksonville Jaguars (NFL)
92.3%
Indianapolis Colts (NFL)
91.4%
Buffalo Bills (NFL)
90.4%
Houston Texans (NFL)
89.9%
Pittsburgh Pirates (MLB)
89.7%
Detroit Red Wings (NHL)
89.2%
Seattle Seahawks (NFL)
89.1%
Denver Broncos (NFL)
88%
Oklahoma City Thunder (NBA)
87.8%
Los Angeles Angels (MLB)
87.5%
Tampa Bay Buccaneers (NFL)
87%
% Correct
Tennessee Titans (NFL)
86.9%
Baltimore Orioles (MLB)
86.2%
New Jersey Devils (NHL)
84.5%
Philadelphia Flyers (NHL)
84.2%
Dallas Stars (NHL)
83.9%
Colorado Avalanche (NHL)
83.7%
Washington Nationals (MLB)
81.2%
Houston Rockets (NBA)
81%
Portland Trail Blazers (NBA)
78.7%
Arizona Diamondbacks (MLB)
71.8%
Anaheim Ducks (NHL)
71.8%
Buffalo Sabres (NHL)
71.7%
Minnesota Twins (MLB)
71%
Montreal Canadiens (NHL)
68.7%
Vancouver Canucks (NHL)
61.6%

You're not logged in!

Compare scores with friends on all Sporcle quizzes.
Join for Free
OR
Log In

You Might Also Like...

Show Comments

Extras

Top Quizzes Today


Score Distribution

Your Account Isn't Verified!

In order to create a playlist on Sporcle, you need to verify the email address you used during registration. Go to your Sporcle Settings to finish the process.

Report this User

Report this user for behavior that violates our Community Guidelines.

Details: